<?xml version="1.0" encoding="UTF-8"?>
<marc:record xmlns:marc="http://www.loc.gov/MARC21/slim">
   <marc:leader>00000nam a2200000 a 4500</marc:leader>
   <marc:datafield ind1="1" ind2=" " tag="100">
      <marc:subfield code="a">Zimmer, Katharina</marc:subfield>
      <marc:subfield code="4">aut</marc:subfield>
      <marc:subfield code="e">Verfasser/-in</marc:subfield>
   </marc:datafield>
   <marc:datafield ind1=" " ind2=" " tag="653">
      <marc:subfield code="a">Gefühl</marc:subfield>
   </marc:datafield>
   <marc:datafield ind1="0" ind2="0" tag="245">
      <marc:subfield code="a">Gefühle - unser erster Verstand</marc:subfield>
   </marc:datafield>
   <marc:datafield ind1=" " ind2="1" tag="264">
      <marc:subfield code="b">Diana-Verl.</marc:subfield>
      <marc:subfield code="c">1999</marc:subfield>
   </marc:datafield>
   <marc:datafield ind1="1" ind2=" " tag="520">
      <marc:subfield code="a">Die Psychologin und Wissenschaftsjournalistinzeigt, dass sich große Denker und Wissenschaftler schon seit Jahrhunderten mit dem Thema Gefühle beschäftigt haben, und berichtet über neueste Forschungsergebnisse aus Psychologie, Naturwissenschaften und Medizin. Danach hat der Verstand seine Wurzeln in den Emotionen. Gefühl und Verstand sind keine unabhängigen Größen, sondern durchdringen sich gegenseitig und wirken über biochemische Substanzen untrennbar zusammen. </marc:subfield>
   </marc:datafield>
   <marc:datafield ind1="3" ind2=" " tag="024">
      <marc:subfield code="a">3828450261</marc:subfield>
   </marc:datafield>
</marc:record>
